1099 1574 1361 1328 1390 1108 1114 1840 1694 1943 1677 1268 1834 1980 1461 1164 1103 1331 1822 1263 1813 1265 1281 1245 1450 1993 1008 1929 1773 1282 1329 1794 1186 1897 1785 1220 1531 1523 1592 1789 1956 1168 1043 1806 1004 1049 1535 1766 1968 1730 1821 1348 1437 1165 1640 1069 1736 1559 1334 1594 1452 1672 1486 1710 1098 1205 1390 1272 1425 1855 1391 1661 1162 1905 1584 1835 1142 1024 1943 1081 1173 1962 1841 1389 1670 1331 1168 1186 1211 1827 1591 1833 1167 1361 1591 1151 1729 1327 1345 BCNSPRNW ULIB Ver.6.0+V

เปลี่ยนเป็นภาษาไทย

Change to English
 แสดงรายละเอียดบรรณานุกรม
  กลับหน้าหลัก

Brief Record : Get Marc (ISO 2709) : E-mail record : QR code < ปิดหน้าต่าง
LEADER : 00000nam 2200000uu 4500
001    13399111690
003     ULIB
008    110706s2553||||th 000 0 tha d
020    9789744752888
090    นว.^bป111ส
100 0  ป.ศิลา
245 00 สะดุดรักกลางใจ /^cป.ศิลา
260    กรุงเทพฯ :^bPrincess,^c2553
300    416 หน้า
945    ^p250^l0^i18283
995     เกษร
999    ^aใช้งานได้ทุกระบบ
รายการนี้ยังไม่มีแท็ก
คุณยังไม่ได้ล็อกอิน คุณสามารถมีกิจกรรมร่วมกับเว็บไซต์ได้ แต่ต้องล็อกอินก่อน ::
  ล็อกอิน

รายการสื่อสารสนเทศ

ลำดับที่ ประเภท เลขเรียก/บาร์โค้ด สถานที่ สถานะ
1. นวนิยาย
นวนิยาย
นว. ป111ส  
  Barcode: 18283
ห้องสมุดวิทยาเขตสวรรค์ประชารักษ์
►นวนิยาย
บนชั้น
  ขอยืม

รายการใกล้เคียง
    ผู้แต่ง [ป.ศิลา]

BibComment


ยังไม่เคยถูกคอมเมนท์

คอมเมนท์ทรัพยากรรายการนี้
  คอมเมนท์: สะดุดรักกลางใจ ป..


 Copyright 2026. Bcnsprnw @Library